000 00660nam a2200229Ia 4500
003 OSt
005 20220926045528.0
006 a|||||r|||| 00| 0
007 ta
008 220923b |||||||| |||| 00| 0 eng d
037 _cGeneral Book
040 _aRTL
_cRTL
_beng
041 _2eng
_aeng
082 _aX9(D66):75.2.N97, N7/GD
110 _aGovt. of India, Central Electricity Authority
_9260586
245 0 _aFourth national power plan
260 _c1997
300 _a346p
_ccm.
700 _aGovt. of India, Central Electricity Authority
_9260587
942 _hX9(D66):75.2.N97, N7/GD
_cGB
_2CC
999 _c677820
_d677820